000 00678nam a2200205 i 4500
001 55589
003 ES-MaACL
005 20230906163157.0
007 t|
008 030923s1973 sp ||||1| spa d
020 _a84-7084-072-X
080 _a860 Cervantes Saavedra, Miguel de 1.06
100 1 _aDescouzis, Paul.
_943865
245 1 0 _aCervantes, a nueva luz.
_nII,
_pCon la Iglesia hemos dado, Sancho /
_cPaul Descouzis.
260 _aMadrid :
_bIberoamericanas,
_c[1973]
300 _a1 v. (192 p.) ;
_c22 cm.
600 1 4 _aCervantes Saavedra, Miguel de,
_d1547-1616-
_xCrítica e interpretación
_937602
852 4 _aES-MaACL
_jC-51938
999 _c55589
_d55589